000 00342 a2200097 4500
082 _a363.1259 NHT
100 _aStarnes, Marc
245 _aLarge Truck Crash Causation Study: An Initial Overviews /
_cMarc Starnes
260 _aVirginia :
_bNHTSA's National Center for Statistics and Analysis,
_c2006
300 _a49p. ;
_bill. ;
_c30 cm
650 _aLarge Truck Crash Causation
999 _c2258
_d2258